| 000 | 01441nam0a22003491 4500 | ||
|---|---|---|---|
| 001 | RU\INFOCOMM_318\NLR\5000080725 | ||
| 005 | 20250613102659.0 | ||
| 010 | _a0-8109-3813-8 | ||
| 035 | _a(NLR Aleph) 009450134 | ||
| 090 |
_a8400513 _c8400513 |
||
| 100 | _a20121203d1991 |||y0rusy50 ca | ||
| 101 | 1 |
_aeng _crus |
|
| 102 |
_aUS _aRU |
||
| 105 | _ay z ||||| | ||
| 200 | 1 |
_aBefore the revolution _eSt. Petersburg in phot., 1890-1914 _e[An album] _fMikhail P. Iroshnikov, Yury B. Shelayev, Liudmila A. Protsai _gForew. by James H. Billington _gIntrod. by Dmitry S. Likhachov _g[Transl. from the Russ. by Evgueni Filippov] |
|
| 210 |
_aNew York _cAbrams _aL. _cNauka _cJV SMART _dCop.1991 |
||
| 215 |
_a311 с. _cил., портр. _d30 см |
||
| 607 |
_aПетербург _xИстория _jФотоальбомы _z1890-1914 _2nlr_sh1 |
||
| 620 | _aСанкт-Петербург | ||
| 686 |
_aТ3(2Р-4И-2Ин)52я61 _2rubbk |
||
| 700 | 1 |
_9z01790 _aIrošnikov _bM. P. _f1934- _gMichail Pavlovič |
|
| 701 | 1 |
_9z02790 _aŠelaev _bJ. B. _gJurij Borisovič |
|
| 701 | 1 |
_9z03790 _aProcaj _bL. A. _gLjudmila Anatol'evna |
|
| 790 | 1 |
_9z01700 _aIroshnikov _bM. P. _gMikhail P. _4070 |
|
| 790 | 1 |
_9z02701 _aShelayev _bY. B. _gYury B. _4070 |
|
| 790 | 1 |
_9z03701 _aProtsai _bL. A. _gLiudmila A. _4070 |
|
| 801 | 1 |
_aRU _bNLR _c20121203 |
|
| 801 | 0 |
_aRU _bINFOCOMM _gPSBO |
|
| 852 |
_aNLR _jЭ АлТ63/2-Л452 |
||
| 852 |
_aNLR _jИр41 Д-7/33 |
||
| 942 | _cBOOK | ||
| 980 | _aNB | ||